[Event "NAYCC U10"]
[Site "Toronto CAN"]
[Date "2013.08.15"]
[Round "2"]
[White "Niemann, Hans Moke"]
[Black "Chan, Eric"]
[Result "1/2-1/2"]
[WhiteElo "1835"]
[BlackElo "1571"]
[PlyCount "44"]
[GameId "2160767739919892"]
[EventDate "2013.08.14"]
[EventType "swiss"]
[EventRounds "9"]
[EventCountry "CAN"]
[SourceTitle "EXT 2022"]
[Source "ChessBase"]
[SourceDate "2021.10.06"]
[SourceVersion "1"]
[SourceVersionDate "2021.10.06"]
[SourceQuality "1"]

1. e4 c5 2. Nf3 d6 3. d4 cxd4 4. Nxd4 Nf6 5. Nc3 g6 6. f3 Bg7 7. Be3 O-O 8. Bc4 Nc6 9. Qd2 Bd7 10. g4 Rc8 11. Bb3 Ne5 12. g5 Nh5 13. f4 Nc4 14. Bxc4 Rxc4 15. Qd3 Qc7 16. Nd5 Qa5+ 17. Kf2 Ra4 18. Nxe7+ Kh8 19. f5 Qe5 20. f6 Nxf6 21. gxf6 Qxf6+ 22. Ndf5 gxf5 {...} 1/2-1/2

[Event "NAYCC U10"]
[Site "Toronto CAN"]
[Date "2013.08.15"]
[Round "2"]
[White "Noritsyn, Sergey"]
[Black "Surya, Benito"]
[Result "1-0"]
[WhiteElo "2006"]
[BlackElo "1619"]
[PlyCount "75"]
[GameId "2160767909258752"]
[EventDate "2013.08.14"]
[EventType "swiss"]
[EventRounds "9"]
[EventCountry "CAN"]
[SourceTitle "EXT 2022"]
[Source "ChessBase"]
[SourceDate "2021.10.06"]
[SourceVersion "1"]
[SourceVersionDate "2021.10.06"]
[SourceQuality "1"]

1. e4 e5 2. Nf3 Nc6 3. d4 exd4 4. Nxd4 Nf6 5. Nc3 Bb4 6. Nxc6 bxc6 7. Bd3 d6 8. O-O h6 9. f4 O-O 10. h3 Bd7 11. e5 Bc5+ 12. Kh1 Nd5 13. Ne4 Bb6 14. Qf3 Ne7 15. exd6 cxd6 16. Nxd6 Be6 17. Qe4 g6 18. f5 Bd5 19. Qf4 g5 20. Qg3 Bc7 21. Bf4 Kh7 22. f6+ Ng6 23. Be5 Kh8 24. Bxg6 fxg6 25. f7+ Kh7 26. Ne8 Bxe5 27. Qxe5 Rxe8 28. fxe8=Q Qxe8 29. Qc7+ Kh8 30. Rae1 Qd8 31. Qe5+ Kh7 32. Rf6 Rc8 33. Rd6 Qf8 34. Qe7+ Kh8 35. Rxg6 Rb8 36. Qe5+ Kh7 37. Rf6 Qd8 38. Qf5+ 1-0

[Event "NAYCC U10"]
[Site "Toronto CAN"]
[Date "2013.08.15"]
[Round "2"]
[White "Rajsic, William"]
[Black "Zheng, Victor"]
[Result "0-1"]
[WhiteElo "1209"]
[BlackElo "1016"]
[PlyCount "94"]
[GameId "2160767909258753"]
[EventDate "2013.08.14"]
[EventType "swiss"]
[EventRounds "9"]
[EventCountry "CAN"]
[SourceTitle "EXT 2022"]
[Source "ChessBase"]
[SourceDate "2021.10.06"]
[SourceVersion "1"]
[SourceVersionDate "2021.10.06"]
[SourceQuality "1"]

1. e4 e5 2. Nf3 Nc6 3. Bb5 Bc5 4. O-O d6 5. Nc3 Nf6 6. d3 h6 7. Nd5 O-O 8. Nxf6+ Qxf6 9. Bxc6 bxc6 10. Bd2 Bg4 11. b4 Bb6 12. a4 a6 13. a5 Ba7 14. h3 Be6 15. Qe2 Rfe8 16. Be3 Bd7 17. Bxa7 Rxa7 18. c3 d5 19. Rad1 Rb7 20. Rfe1 d4 21. cxd4 exd4 22. Qb2 c5 23. e5 Qf5 24. Qa1 Rxb4 25. Qa2 Ra4 26. Qd5 Rxa5 27. Nxd4 Be6 28. Nxf5 Bxd5 29. f4 Ra4 30. g3 Be6 31. Ne3 Bxh3 32. Ra1 Bd7 33. Nd5 Rd4 34. Nxc7 Rc8 35. Nxa6 Rxd3 36. Kf2 c4 37. Rac1 c3 38. Re3 Bf5 39. Rxd3 Bxd3 40. Nb4 Bf5 41. Ke3 Kf8 42. Nd5 c2 43. Nb4 Rc3+ 44. Kf2 Rb3 45. Nxc2 Rb2 46. Ke3 Rxc2 47. Rxc2 Bxc2 0-1

[Event "NAYCC U10"]
[Site "Toronto CAN"]
[Date "2013.08.15"]
[Round "2"]
[White "Sivapathasundaram, Manojh"]
[Black "Guo, Thomas"]
[Result "0-1"]
[WhiteElo "1253"]
[BlackElo "1629"]
[PlyCount "38"]
[GameId "2160767909258755"]
[EventDate "2013.08.14"]
[EventType "swiss"]
[EventRounds "9"]
[EventCountry "CAN"]
[SourceTitle "EXT 2022"]
[Source "ChessBase"]
[SourceDate "2021.10.06"]
[SourceVersion "1"]
[SourceVersionDate "2021.10.06"]
[SourceQuality "1"]

1. e4 e6 2. d4 d5 3. e5 c5 4. c3 Nc6 5. Bb5 Qb6 6. Bxc6+ bxc6 7. Nf3 Ba6 8. Qb3 Rb8 9. Nbd2 Be7 10. Qxb6 axb6 11. Nb3 cxd4 12. Nbxd4 c5 13. Nc6 Rc8 14. Nxe7 Nxe7 15. h4 h5 16. b3 Ng6 17. Bg5 Rf8 18. Nd2 Nxe5 19. Bf4 Nd3+ 0-1

[Event "NAYCC U10"]
[Site "Toronto CAN"]
[Date "2013.08.15"]
[Round "2"]
[White "Talukdar, Rohan"]
[Black "Wang, Frank"]
[Result "1-0"]
[WhiteElo "1651"]
[BlackElo "1374"]
[PlyCount "79"]
[GameId "2160767909258756"]
[EventDate "2013.08.14"]
[EventType "swiss"]
[EventRounds "9"]
[EventCountry "CAN"]
[SourceTitle "EXT 2022"]
[Source "ChessBase"]
[SourceDate "2021.10.06"]
[SourceVersion "1"]
[SourceVersionDate "2021.10.06"]
[SourceQuality "1"]

1. d4 d5 2. c4 Nc6 3. e3 e6 4. Nc3 Nf6 5. Nf3 Bb4 6. Bd2 O-O 7. a3 Bxc3 8. Bxc3 Ne4 9. Qc2 f6 10. Bd3 f5 11. cxd5 exd5 12. Qb3 Kh8 13. h4 h6 14. h5 Re8 15. Nh4 Ne7 16. Bb4 Kh7 17. Bxe7 Rxe7 18. Ng6 Re8 19. Nf4 c6 20. Qc2 Qg5 21. Bxe4 Rxe4 22. Kf1 Bd7 23. Rh3 Rae8 24. Qb3 b6 25. Qc3 Qf6 26. b4 R8e7 27. Re1 Be8 28. f3 Rxf4 29. exf4 Rxe1+ 30. Kxe1 Qe7+ 31. Kf2 Qd6 32. Qe3 Bf7 33. Qe5 Qxe5 34. fxe5 Be6 35. f4 g5 36. hxg6+ Kxg6 37. Rc3 Bd7 38. b5 cxb5 39. Rc7 Be6 40. Rxa7 1-0

[Event "NAYCC U10"]
[Site "Toronto CAN"]
[Date "2013.08.15"]
[Round "2"]
[White "Tang, Daniel"]
[Black "Liu, Bowser"]
[Result "1-0"]
[WhiteElo "933"]
[BlackElo "736"]
[PlyCount "65"]
[GameId "2160767909258757"]
[EventDate "2013.08.14"]
[EventType "swiss"]
[EventRounds "9"]
[EventCountry "CAN"]
[SourceTitle "EXT 2022"]
[Source "ChessBase"]
[SourceDate "2021.10.06"]
[SourceVersion "1"]
[SourceVersionDate "2021.10.06"]
[SourceQuality "1"]

1. d4 e6 2. e4 d5 3. e5 Nc6 4. Nf3 Bb4+ 5. Nbd2 Bd7 6. a3 Ba5 7. b4 Bb6 8. Bb2 Nge7 9. c4 a5 10. b5 Nb8 11. c5 Ba7 12. a4 b6 13. c6 Nbxc6 14. bxc6 Bxc6 15. Bb5 Bxb5 16. axb5 c6 17. bxc6 Nxc6 18. Qa4 Qd7 19. Ba3 Rb8 20. Rc1 Rc8 21. Bd6 Bb8 22. Ba3 Nb4 23. Bxb4 axb4 24. Rxc8+ Ke7 25. Qxd7+ Kxd7 26. Rxh8 Bc7 27. Rxh7 Ke7 28. Rxg7 b5 29. Ng5 Kf8 30. Rxf7+ Ke8 31. Rxc7 Kd8 32. Rf7 Ke8 33. O-O 1-0

[Event "NAYCC U10"]
[Site "Toronto CAN"]
[Date "2013.08.15"]
[Round "2"]
[White "Wang, Andrew B"]
[Black "Huang, Qiuyu"]
[Result "0-1"]
[WhiteElo "1745"]
[BlackElo "1512"]
[PlyCount "70"]
[GameId "2160767909258759"]
[EventDate "2013.08.14"]
[EventType "swiss"]
[EventRounds "9"]
[EventCountry "CAN"]
[SourceTitle "EXT 2022"]
[Source "ChessBase"]
[SourceDate "2021.10.06"]
[SourceVersion "1"]
[SourceVersionDate "2021.10.06"]
[SourceQuality "1"]

1. e4 c5 2. Nc3 Nc6 3. f4 e6 4. Nf3 a6 5. d3 d5 6. g3 Be7 7. Bg2 d4 8. Ne2 Nf6 9. O-O h5 10. Nh4 Ng4 11. h3 Ne3 12. Bxe3 dxe3 13. Nf3 Qb6 14. b3 Bd7 15. Qc1 Nd4 16. Re1 O-O-O 17. c3 Nxf3+ 18. Bxf3 h4 19. g4 Bc6 20. Qxe3 Rxd3 21. Qf2 f5 22. Nc1 Rxc3 23. Bg2 fxg4 24. hxg4 h3 25. Bf1 Bh4 26. Qd2 Bxe1 27. Qxe1 c4+ 28. Kh1 Re3 29. Qf2 Bxe4+ 30. Kh2 Qd4 31. Bxc4 Bf3 32. Bxe6+ Kb8 33. Qc2 Qxf4+ 34. Kg1 Qg3+ 35. Kf1 Re1# 0-1

[Event "NAYCC U10"]
[Site "Toronto CAN"]
[Date "2013.08.15"]
[Round "2"]
[White "Xiong, Dylan"]
[Black "Guo, Ryan"]
[Result "0-1"]
[WhiteElo "727"]
[BlackElo "1007"]
[PlyCount "80"]
[GameId "2160767909258760"]
[EventDate "2013.08.14"]
[EventType "swiss"]
[EventRounds "9"]
[EventCountry "CAN"]
[SourceTitle "EXT 2022"]
[Source "ChessBase"]
[SourceDate "2021.10.06"]
[SourceVersion "1"]
[SourceVersionDate "2021.10.06"]
[SourceQuality "1"]

1. e4 b6 2. d4 Bb7 3. Nc3 Nf6 4. Bd3 Nc6 5. Nf3 Nb4 6. e5 Nxd3+ 7. Qxd3 Nd5 8. Nxd5 Bxd5 9. c4 Bb7 10. Bf4 g6 11. O-O Bg7 12. Rad1 f5 13. Rfe1 Be4 14. Qe3 h6 15. h3 g5 16. Bh2 d5 17. Nd2 f4 18. Qe2 Bg6 19. Nb3 h5 20. cxd5 Qxd5 21. e6 h4 22. Rc1 Bh5 23. f3 Bxd4+ 24. Nxd4 Qxd4+ 25. Qf2 c5 26. Qxd4 cxd4 27. Rc7 Bg6 28. Rd1 d3 29. Rdc1 Rd8 30. Rc8 O-O 31. R8c7 Rf6 32. Kf1 Rxe6 33. Rd1 d2 34. Kf2 Re3 35. Bg1 Rd5 36. Kf1 Bd3+ 37. Kf2 Re2+ 38. Kf1 Re1+ 39. Kf2 Rxd1 40. Rxe7 Rf1# 0-1

[Event "NAYCC U10"]
[Site "Toronto CAN"]
[Date "2013.08.15"]
[Round "2"]
[White "Yang, Kai Wen"]
[Black "Ruan, Colin"]
[Result "0-1"]
[WhiteElo "863"]
[BlackElo "1186"]
[PlyCount "98"]
[GameId "2160767909258761"]
[EventDate "2013.08.14"]
[EventType "swiss"]
[EventRounds "9"]
[EventCountry "CAN"]
[SourceTitle "EXT 2022"]
[Source "ChessBase"]
[SourceDate "2021.10.06"]
[SourceVersion "1"]
[SourceVersionDate "2021.10.06"]
[SourceQuality "1"]

1. e4 c5 2. Nf3 Nc6 3. Bb5 g6 4. Bxc6 bxc6 5. d4 Bg7 6. Be3 Nf6 7. Nc3 cxd4 8. Bxd4 d6 9. O-O c5 10. Be3 Qc7 11. Qd2 O-O 12. Bh6 Bb7 13. Nd5 Nxd5 14. Bxg7 Kxg7 15. exd5 Qb6 16. Qc3+ f6 17. Rad1 Rab8 18. Qb3 Qxb3 19. cxb3 Bc8 20. Rfe1 Rf7 21. Re3 Rb4 22. h3 h5 23. Rde1 Kf8 24. Nh4 Rxh4 25. Rg3 Rg7 26. Rge3 g5 27. Kh2 g4 28. g3 Rxh3+ 29. Kg2 Bb7 30. Rd3 Rg5 31. Red1 e6 32. Kg1 Rxd5 33. Rxd5 Bxd5 34. Rxd5 exd5 35. a3 d4 36. Kf1 Rh1+ 37. Ke2 Rb1 38. Kd3 Rxb2 39. Kc4 Rxf2 40. Kd5 d3 41. Kxd6 d2 42. Kxc5 d1=Q 43. b4 Rc2+ 44. Kb5 Qd7+ 45. Ka6 Qa4+ 46. Kb7 Qc6+ 47. Kxa7 Qb5 48. a4 Rc7+ 49. Ka8 Qb7# 0-1

[Event "NAYCC U10"]
[Site "Toronto CAN"]
[Date "2013.08.15"]
[Round "2"]
[White "Yong, Nathaniel"]
[Black "Yu, Ryan"]
[Result "1-0"]
[WhiteElo "1014"]
[BlackElo "802"]
[PlyCount "51"]
[GameId "2160767909258762"]
[EventDate "2013.08.14"]
[EventType "swiss"]
[EventRounds "9"]
[EventCountry "CAN"]
[SourceTitle "EXT 2022"]
[Source "ChessBase"]
[SourceDate "2021.10.06"]
[SourceVersion "1"]
[SourceVersionDate "2021.10.06"]
[SourceQuality "1"]

1. e4 e5 2. Nf3 Nc6 3. Bb5 Nd4 4. Nxd4 exd4 5. c3 a6 6. Ba4 b5 7. Bb3 d3 8. Bxf7+ Kxf7 9. Qh5+ g6 10. Qd5+ Ke8 11. Qxa8 Nf6 12. O-O Ng4 13. Qd5 c6 14. Qxd3 Qc7 15. Qg3 d6 16. d4 h5 17. Bg5 Bh6 18. Bxh6 Rxh6 19. h3 h4 20. Qf4 a5 21. hxg4 Rh8 22. e5 h3 23. Re1 Qd7 24. exd6+ Kd8 25. Qf6+ Qe7 26. Qxe7# 1-0

[Event "NAYCC U10"]
[Site "Toronto CAN"]
[Date "2013.08.15"]
[Round "2"]
[White "Zhang, Jason S"]
[Black "Hawthorn, Charles"]
[Result "1-0"]
[WhiteElo "1605"]
[BlackElo "1862"]
[PlyCount "49"]
[GameId "2160767909258763"]
[EventDate "2013.08.14"]
[EventType "swiss"]
[EventRounds "9"]
[EventCountry "CAN"]
[SourceTitle "EXT 2022"]
[Source "ChessBase"]
[SourceDate "2021.10.06"]
[SourceVersion "1"]
[SourceVersionDate "2021.10.06"]
[SourceQuality "1"]

1. e4 c5 2. Nf3 Nc6 3. d4 cxd4 4. Nxd4 g6 5. Nc3 Bg7 6. Be3 Nf6 7. f3 O-O 8. Qd2 d6 9. Bc4 Bd7 10. O-O-O Rc8 11. Bb3 Ne5 12. Kb1 Nc4 13. Bxc4 Rxc4 14. g4 a6 15. h4 Qa5 16. Nb3 Qc7 17. Bh6 Re8 18. Bxg7 Kxg7 19. h5 b5 20. hxg6 fxg6 21. Qh6+ Kg8 22. Nd5 Qd8 23. Nxf6+ exf6 24. Qxh7+ Kf8 25. Rxd6 1-0

[Event "NAYCC U10"]
[Site "Toronto CAN"]
[Date "2013.08.15"]
[Round "3"]
[White "Atanasov, David"]
[Black "Yelamarti, Shanmukh"]
[Result "1/2-1/2"]
[WhiteElo "1076"]
[BlackElo "393"]
[PlyCount "120"]
[GameId "2160767909258764"]
[EventDate "2013.08.14"]
[EventType "swiss"]
[EventRounds "9"]
[EventCountry "CAN"]
[SourceTitle "EXT 2022"]
[Source "ChessBase"]
[SourceDate "2021.10.06"]
[SourceVersion "1"]
[SourceVersionDate "2021.10.06"]
[SourceQuality "1"]

1. d4 d5 2. c4 Bf5 3. Nc3 dxc4 4. e3 Nc6 5. Bxc4 e6 6. Nf3 Nf6 7. O-O Bd6 8. Re1 Bb4 9. Bd2 O-O 10. Qb3 Re8 11. a3 Bxc3 12. Bxc3 b6 13. Bb5 Be4 14. Ne5 Bd5 15. Nxc6 Bxb3 16. Nxd8 Rexd8 17. h3 Nd5 18. Bc6 Rac8 19. Bxd5 exd5 20. e4 c6 21. exd5 cxd5 22. Re3 Re8 23. Rxe8+ Rxe8 24. Re1 Rxe1+ 25. Bxe1 a5 26. f3 h5 27. Kf2 g6 28. g4 Kg7 29. g5 a4 30. Kg3 f5 31. f4 b5 32. Bb4 Bd1 33. h4 Kf7 34. Kf2 Ke6 35. Ke3 Kd7 36. Kd3 Kc6 37. Bc5 Kb7 38. Kc3 Ka6 39. Kb4 Bb3 40. Bd6 Bc4 41. Kc5 Kb7 42. Kb4 Kc6 43. Bc5 Kc7 44. Ka5 Kb7 45. Kb4 Ka6 46. Bd6 Kb6 47. Bc5+ Ka6 48. Bd6 Kb6 49. Bc5+ Kc6 50. Ka5 Kb7 51. Bb4 Ka7 52. Bc5+ Kb7 53. Kb4 Ka6 54. Bd6 Bb3 55. Bc5 Bc4 56. Bd6 Kb6 57. Bc5+ Ka6 58. Bd6 Kb6 59. Bc5+ Ka6 60. Bd6 Kb6 1/2-1/2

[Event "NAYCC U10"]
[Site "Toronto CAN"]
[Date "2013.08.15"]
[Round "3"]
[White "Ceastov, Denis"]
[Black "Landa, Tamir"]
[Result "0-1"]
[WhiteElo "248"]
[BlackElo "833"]
[PlyCount "78"]
[GameId "2160767909258766"]
[EventDate "2013.08.14"]
[EventType "swiss"]
[EventRounds "9"]
[EventCountry "CAN"]
[SourceTitle "EXT 2022"]
[Source "ChessBase"]
[SourceDate "2021.10.06"]
[SourceVersion "1"]
[SourceVersionDate "2021.10.06"]
[SourceQuality "1"]

1. d4 g6 2. Nf3 Bg7 3. e4 d6 4. c3 Nf6 5. Bc4 Nxe4 6. Qb3 O-O 7. O-O Nc6 8. h3 Nf6 9. Bb5 Bd7 10. d5 Ne5 11. Ng5 Bxb5 12. Qxb5 Rb8 13. Bf4 a6 14. Qa4 Nxd5 15. Bxe5 Bxe5 16. Qh4 Nf6 17. Nd2 Nh5 18. g4 Nf6 19. Nde4 h5 20. Nxf6+ Bxf6 21. gxh5 Bxg5 22. Qxg5 e6 23. Qg4 Qf6 24. Kh1 Qf5 25. Qh4 Qxh5 26. Qg3 Kg7 27. Rg1 Rh8 28. Kh2 Qe5 29. f4 Qf5 30. h4 Rh7 31. h5 Rxh5+ 32. Kg2 Qe4+ 33. Qf3 Rh2+ 34. Kg3 Qxf3+ 35. Kxf3 Rxb2 36. Kg4 Rc2 37. Rg3 f5+ 38. Kg5 Rh8 39. Re3 Rh5# 0-1

[Event "NAYCC U10"]
[Site "Toronto CAN"]
[Date "2013.08.15"]
[Round "3"]
[White "Ekzhanov, Sergey"]
[Black "He, Oliver"]
[Result "1-0"]
[WhiteElo "964"]
[BlackElo "799"]
[PlyCount "98"]
[GameId "2160767909258767"]
[EventDate "2013.08.14"]
[EventType "swiss"]
[EventRounds "9"]
[EventCountry "CAN"]
[SourceTitle "EXT 2022"]
[Source "ChessBase"]
[SourceDate "2021.10.06"]
[SourceVersion "1"]
[SourceVersionDate "2021.10.06"]
[SourceQuality "1"]

1. e4 c5 2. Nf3 Nc6 3. Nc3 e6 4. d4 d5 5. exd5 exd5 6. Bb5 Bd7 7. dxc5 Bxc5 8. Qxd5 Nf6 9. Qxc5 Rc8 10. Qe3+ Ne7 11. Bxd7+ Nxd7 12. O-O O-O 13. Nd4 Re8 14. Qg3 Qb6 15. Nde2 Nf5 16. Qh3 g6 17. g4 Ng7 18. b3 Ne5 19. Bb2 Nf3+ 20. Qxf3 Re6 21. Nd5 Qc6 22. Nf6+ Kf8 23. Nxh7+ Kg8 24. Nf6+ Kf8 25. Qxc6 Rexc6 26. Nd7+ Kg8 27. c4 Re6 28. Nf4 Rd6 29. Nf6+ Kf8 30. N4d5 Re6 31. Nd7+ Kg8 32. f4 Re2 33. f5 Rxb2 34. Ne7+ Kh8 35. Nxc8 gxf5 36. gxf5 Rd2 37. Nf6 Rd8 38. Rf3 Ne8 39. Nxe8 Rxe8 40. Nd6 Re7 41. h4 Rd7 42. c5 b6 43. b4 bxc5 44. bxc5 Rc7 45. Nxf7+ Rxf7 46. c6 Kg8 47. Rd1 Rc7 48. f6 Rxc6 49. f7+ Kf8 1-0

[Event "NAYCC U10"]
[Site "Toronto CAN"]
[Date "2013.08.15"]
[Round "3"]
[White "Feng, Richard"]
[Black "Hawthorn, Charles"]
[Result "1/2-1/2"]
[WhiteElo "1534"]
[BlackElo "1862"]
[PlyCount "61"]
[GameId "2160767909258768"]
[EventDate "2013.08.14"]
[EventType "swiss"]
[EventRounds "9"]
[EventCountry "CAN"]
[SourceTitle "EXT 2022"]
[Source "ChessBase"]
[SourceDate "2021.10.06"]
[SourceVersion "1"]
[SourceVersionDate "2021.10.06"]
[SourceQuality "1"]

1. e4 c5 2. Nc3 Nc6 3. f4 g6 4. Nf3 Bg7 5. Bc4 d6 6. d3 Nf6 7. O-O O-O 8. Qe1 a6 9. a4 e6 10. Qh4 d5 11. Ba2 Nb4 12. Bb3 Qc7 13. Na2 dxe4 14. dxe4 Nxe4 15. Nxb4 cxb4 16. Ng5 Nxg5 17. fxg5 Qe5 18. Kh1 b6 19. Rf3 Qd4 20. Bf4 e5 21. c3 bxc3 22. bxc3 Qc5 23. Bd2 Ra7 24. Raf1 b5 25. Be3 Qa3 26. Bxa7 Qxb3 27. Bc5 Rd8 28. Rxf7 Qxf7 29. Rxf7 Rd1+ 30. Bg1 Kxf7 31. axb5 1/2-1/2

[Event "NAYCC U10"]
[Site "Toronto CAN"]
[Date "2013.08.15"]
[Round "3"]
[White "Guo, Ryan"]
[Black "Corvera Choi, Kemos"]
[Result "0-1"]
[WhiteElo "1007"]
[BlackElo "1667"]
[PlyCount "110"]
[GameId "2160767909258769"]
[EventDate "2013.08.14"]
[EventType "swiss"]
[EventRounds "9"]
[EventCountry "CAN"]
[SourceTitle "EXT 2022"]
[Source "ChessBase"]
[SourceDate "2021.10.06"]
[SourceVersion "1"]
[SourceVersionDate "2021.10.06"]
[SourceQuality "1"]

1. Nf3 Nf6 2. g3 d5 3. Bg2 c5 4. O-O Nc6 5. d4 Bg4 6. c3 e6 7. Bf4 Be7 8. h3 Bh5 9. Nbd2 h6 10. g4 Bg6 11. Nb3 c4 12. Nc5 b6 13. Na4 Ne4 14. Ne5 Nxe5 15. Bxe5 Bf6 16. Bh2 h5 17. f3 Nd6 18. b3 cxb3 19. axb3 Rc8 20. Rc1 hxg4 21. hxg4 Bh4 22. Nb2 b5 23. Ra1 Rxc3 24. Rxa7 O-O 25. Ra6 Be7 26. Nd3 Bxd3 27. exd3 Qd7 28. Qb1 Rc6 29. Rxc6 Qxc6 30. Rc1 Qb6 31. Qb2 Bf6 32. Kh1 Bxd4 33. Qc2 Rc8 34. Qd2 Rxc1+ 35. Qxc1 Qc5 36. Qd2 Nb7 37. Qf4 e5 38. Qd2 Na5 39. b4 Bc3 40. bxc5 Bxd2 41. Bxe5 Bb4 42. Bd4 Nc6 43. Bf2 Bc3 44. f4 Ne7 45. f5 b4 46. g5 b3 47. c6 b2 48. Kh2 b1=Q 49. Bg3 Qxd3 50. Bd6 Nxc6 51. Bg3 Be5 52. Bxe5 Nxe5 53. f6 Ng4+ 54. Kg1 Qe3+ 55. Kh1 Qc1+ 0-1

[Event "NAYCC U10"]
[Site "Toronto CAN"]
[Date "2013.08.15"]
[Round "3"]
[White "Guo, Thomas"]
[Black "Noritsyn, Sergey"]
[Result "0-1"]
[WhiteElo "1629"]
[BlackElo "2006"]
[PlyCount "64"]
[GameId "2160767909258770"]
[EventDate "2013.08.14"]
[EventType "swiss"]
[EventRounds "9"]
[EventCountry "CAN"]
[SourceTitle "EXT 2022"]
[Source "ChessBase"]
[SourceDate "2021.10.06"]
[SourceVersion "1"]
[SourceVersionDate "2021.10.06"]
[SourceQuality "1"]

1. e4 d5 2. exd5 Nf6 3. d4 Nxd5 4. Nf3 g6 5. c3 Bg7 6. g3 O-O 7. Bg2 Nd7 8. O-O c5 9. Na3 cxd4 10. Nxd4 Ne5 11. Re1 Nb6 12. Bf4 Nec4 13. Nxc4 Nxc4 14. Qe2 e5 15. Qxc4 exd4 16. Rad1 Qb6 17. cxd4 Bg4 18. Rd2 Rfe8 19. Re3 Rec8 20. Qf1 g5 21. Bxg5 Qa5 22. Rdd3 Qxg5 23. Bxb7 Bf5 24. Rd1 Bg4 25. Bxc8 Rxc8 26. Rc1 Rd8 27. Rce1 Bxd4 28. Re8+ Rxe8 29. Rxe8+ Kg7 30. b3 Qf5 31. Rd8 Bh3 32. Qxh3 Qxf2+ 0-1

[Event "NAYCC U10"]
[Site "Toronto CAN"]
[Date "2013.08.15"]
[Round "3"]
[White "Huang, Qiuyu"]
[Black "Talukdar, Rohan"]
[Result "1-0"]
[WhiteElo "1512"]
[BlackElo "1651"]
[PlyCount "137"]
[GameId "2160767909258772"]
[EventDate "2013.08.14"]
[EventType "swiss"]
[EventRounds "9"]
[EventCountry "CAN"]
[SourceTitle "EXT 2022"]
[Source "ChessBase"]
[SourceDate "2021.10.06"]
[SourceVersion "1"]
[SourceVersionDate "2021.10.06"]
[SourceQuality "1"]

1. d4 Nf6 2. Bg5 e6 3. e4 h6 4. Bxf6 Qxf6 5. Nf3 b6 6. c3 Bb7 7. Bd3 c5 8. O-O cxd4 9. cxd4 Nc6 10. e5 Qd8 11. Nc3 d6 12. Bb5 a6 13. Ba4 b5 14. Bb3 d5 15. Nd2 Nxd4 16. Qg4 Nc6 17. f4 h5 18. Qg3 g6 19. Bc2 Qd7 20. Nf3 Bb4 21. Ng5 Rg8 22. Nh7 Be7 23. Rad1 Rg7 24. Nf6+ Bxf6 25. exf6 Rg8 26. f5 Nd8 27. fxg6 fxg6 28. Bxg6+ Nf7 29. Bxf7+ Qxf7 30. Qe5 Kd7 31. Ne4 Rac8 32. Ng5 Rxg5 33. Qxg5 Rg8 34. Qe5 Qg6 35. Rf2 Rf8 36. Re1 Qf7 37. Rc1 Bc6 38. Qd4 Rc8 39. b4 Rc7 40. Qf4 Rc8 41. Qe3 Qf8 42. f7 Ra8 43. Qg5 Qxb4 44. f8=Q Rxf8 45. Qg7+ Ke8 46. Rxf8+ Qxf8 47. Qxf8+ Kxf8 48. Rxc6 Ke7 49. Kf2 a5 50. Ra6 a4 51. Rb6 e5 52. Rxb5 Kd6 53. h3 e4 54. Ke3 h4 55. Kd4 Ke6 56. Rxd5 e3 57. Re5+ Kf6 58. Rxe3 a3 59. Rxa3 Kg5 60. Rf3 Kh5 61. a4 Kh6 62. a5 Kh7 63. a6 Kh6 64. a7 Kh5 65. a8=Q Kg6 66. Qc6+ Kg7 67. Qf6+ Kg8 68. Qg6+ Kh8 69. Rf8# 1-0

[Event "NAYCC U10"]
[Site "Toronto CAN"]
[Date "2013.08.15"]
[Round "3"]
[White "Hung, Justin"]
[Black "Levkov, Daniel"]
[Result "0-1"]
[WhiteElo "1179"]
[BlackElo "1867"]
[PlyCount "58"]
[GameId "2160767909258773"]
[EventDate "2013.08.14"]
[EventType "swiss"]
[EventRounds "9"]
[EventCountry "CAN"]
[SourceTitle "EXT 2022"]
[Source "ChessBase"]
[SourceDate "2021.10.06"]
[SourceVersion "1"]
[SourceVersionDate "2021.10.06"]
[SourceQuality "1"]

1. e4 c5 2. Nf3 d6 3. Nc3 Nf6 4. Bc4 g6 5. Ng5 e6 6. d3 Bg7 7. O-O O-O 8. Re1 Nc6 9. b3 a6 10. a4 d5 11. exd5 exd5 12. Bxd5 Nxd5 13. Ra3 Bxc3 14. Bd2 Bxd2 15. Qxd2 h6 16. Nf3 Kg7 17. c4 Nf6 18. Ne5 Nxe5 19. Rxe5 Qd4 20. Re3 Bf5 21. b4 Rfe8 22. bxc5 Rxe3 23. fxe3 Qxc5 24. Ra1 Rd8 25. d4 Qxc4 26. Qa5 Rxd4 27. exd4 Qxd4+ 28. Kh1 Qxa1+ 29. Qe1 Qxe1# 0-1

[Event "NAYCC U10"]
[Site "Toronto CAN"]
[Date "2013.08.15"]
[Round "3"]
[White "Jeyakumar, Yathushan"]
[Black "Miranda-Radbord, Cameron"]
[Result "0-1"]
[WhiteElo "849"]
[BlackElo "709"]
[PlyCount "22"]
[GameId "2160767909258774"]
[EventDate "2013.08.14"]
[EventType "swiss"]
[EventRounds "9"]
[EventCountry "CAN"]
[SourceTitle "EXT 2022"]
[Source "ChessBase"]
[SourceDate "2021.10.06"]
[SourceVersion "1"]
[SourceVersionDate "2021.10.06"]
[SourceQuality "1"]

1. e4 e5 2. Nc3 Nf6 3. Nf3 Bc5 4. Bc4 Ng4 5. O-O Nc6 6. Nxe5 Ncxe5 7. d4 Bxd4 8. Qxd4 Nxh2 9. Kxh2 Qh4+ 10. Kg1 Ng4 11. Be3 Qh2# 0-1

[Event "NAYCC U10"]
[Site "Toronto CAN"]
[Date "2013.08.15"]
[Round "3"]
[White "Liu, Bowser"]
[Black "Yang, Kai Wen"]
[Result "0-1"]
[WhiteElo "736"]
[BlackElo "863"]
[PlyCount "77"]
[GameId "2160767739919893"]
[EventDate "2013.08.14"]
[EventType "swiss"]
[EventRounds "9"]
[EventCountry "CAN"]
[SourceTitle "EXT 2022"]
[Source "ChessBase"]
[SourceDate "2021.10.06"]
[SourceVersion "1"]
[SourceVersionDate "2021.10.06"]
[SourceQuality "1"]

1. e4 e6 2. d4 d5 3. Bb5+ Bd7 4. Bd3 Bb4+ 5. Bd2 Qg5 6. g3 Bxd2+ 7. Nxd2 Nc6 8. Ngf3 Qd8 9. Bb5 Nge7 10. Ne5 a6 11. Nxd7 axb5 12. Nc5 Rb8 13. O-O Nxd4 14. c3 Ndc6 15. exd5 Nxd5 16. c4 bxc4 17. Nxc4 b5 18. Nd2 Qd6 19. Nde4 Qe5 20. Qd3 O-O 21. Rad1 Qxb2 22. Qb1 Qxb1 23. Rxb1 Rfd8 24. Rfd1 Ncb4 25. Rd2 Ra8 26. Rbd1 Rxa2 27. Rxa2 Nxa2 28. Rb1 b4 29. Ra1 Ra8 30. Nd3 Ra3 31. Ndc5 Ndc3 32. Nd2 Kf8 33. Nb1 Nxb1 34. Rxb1 Rc3 35. Na6 b3 36. Rb2 c5 37. Kf1 c4 38. Ke1 Rc2 39. Nb4 {...} 0-1